000 00610nam a22002057a 4500
999 _c191042
_d191042
005 20220817165132.0
010 _aENG-134473
020 _a9789389658118
_c300.00
035 _aEN-118005
037 _bDBAD/PUB
082 _a621.317
100 _aVenkatesh,R.
245 _aPower Electronics/
_cby R.Venkatesh;S.Senthilkumar and P.Ganga
260 _bShanlax Publications
_c2019
_aMadurai
270 _a61,66 T.P.K.Main Road Vasantha Nagar,
_bMadurai
_e625003
300 _a225p.:
_c22cm(pbk)
_bill.
700 _aSenthilkumar,S
700 _aGanga,P
942 _2ddc
_cEN
_h621.317
_mVEN